00686nam a2200181 a 450000100100000000500170001000800410002704000250006808200150009310000360010824500850014426000680022930000290029750400390032604900090036595201130037499900170048700001721720200929165043.0100319s1957 dr a 000 0 spa d aDO-SdBNPbspacBNPHU axxxbB562e1 aBetances Ricart, Alfredo93786110aMi experiencia sobre la sinfisiotomía subcutánea /cAlfredo Betances Ricart. aCiudad Trujillo, República Dominicana :bPol Hermanos,c1957. a[74 p.] :bil. ;c23 cm. aIncluye bibliografías [p. 71-73] aBNPD 0010718PDaPDbPDcCTd2010-03-19iLF1l0oxxx B562ep17217-10r2020-06-25w2020-06-25yLFPDZNo se presta c16742d16742